| 000 | 00646nam a2200169 a 4500 | ||
|---|---|---|---|
| 001 | 000028133 | ||
| 005 | 20240227073914.0 | ||
| 008 | 110406s1963 dr 000 0 spa d | ||
| 040 |
_aDO-SdBNP _bspa _cBNPHU |
||
| 082 |
_axxx _bH519o |
||
| 100 | 1 |
_aHenríquez Ureña, Max, _d1885-1968 _92621 |
|
| 245 | 1 | 0 |
_aOración del centenario : _bdiscurso pronunciado el 16 de agosto de 1963, en la ciudad de Santiago de los Caballeros / _cMax Henríquez Ureña. |
| 260 |
_aSanto Domingo : _bEditora Montalvo, _c1963. |
||
| 300 |
_a29 p. ; _c24 cm. |
||
| 500 | _aEn la cabeza del título: Primer Centenario de la Restauración de la República | ||
| 049 | _aBNPD | ||
| 999 |
_c27625 _d27625 |
||